ბათუმის შოთა რუსთაველის სახელმწიფო უნივერსიტეტის ბიბლიოთეკა

რეკრეაციის თეორია და პრაქტიკა = Recreation theory and practice (ბიბ.ჩანაწერი № 56189)

000 -LEADER
fixed length control field 01527nam a2200277Ia 4500
001 - CONTROL NUMBER
control field 23290
003 - CONTROL NUMBER IDENTIFIER
control field GE_BSU
008 - FIXED-LENGTH DATA ELEMENTS--GENERAL INFORMATION
fixed length control field 181216s||||||||xx |||||||||||||| ||und||
020 ## - INTERNATIONAL STANDARD BOOK NUMBER
International Standard Book Number 9789941261664
040 ## - CATALOGING SOURCE
Transcribing agency GE_BSU
080 ## - UNIVERSAL DECIMAL CLASSIFICATION NUMBER
Universal Decimal Classification number 338.483.11
100 ## - MAIN ENTRY--PERSONAL NAME
Personal name უკლება, მაია.
245 ## - TITLE STATEMENT
Title რეკრეაციის თეორია და პრაქტიკა = Recreation theory and practice
245 ## - TITLE STATEMENT
Statement of responsibility, etc. რედაქტორები: ნიკო კვარაცხელია, ნინო პავლიაშვილი.
250 ## - EDITION STATEMENT
Edition statement I გამოცემა.
260 ## - PUBLICATION, DISTRIBUTION, ETC.
Place of publication, distribution, etc. თბილისი
260 ## - PUBLICATION, DISTRIBUTION, ETC.
Name of publisher, distributor, etc. უნივერსალი
260 ## - PUBLICATION, DISTRIBUTION, ETC.
Date of publication, distribution, etc. 2017
300 ## - PHYSICAL DESCRIPTION
Extent 222 გვ. ; 27 სმ.
520 ## - SUMMARY, ETC.
Summary, etc. პროექტი დაფინანსებულია ევროკომისიის მხარდაჭერით, მომზადდა პროექტის "კომპეტენციების ცენტრების ქსელის შავი ზღვის აუზის რეგიონის საკრუიზო ტურიზმის განვითარებისთვის" ფარგლებში
653 ## - INDEX TERM--UNCONTROLLED
Uncontrolled term ეკონომიკა
653 ## - INDEX TERM--UNCONTROLLED
Uncontrolled term რეკრეაციის თეორია და პრაქტიკა = Recreation theory and practice
653 ## - INDEX TERM--UNCONTROLLED
Uncontrolled term რეკრეაციული ტურიზმი.
942 ## - ADDED ENTRY ELEMENTS (KOHA)
Koha item type წიგნი
ეგზემპლარები
Withdrawn status Lost status Damaged status Not for loan Date acquired Barcode Date last seen Price effective from Koha item type
        2018-12-17 58722 2018-12-17 2018-12-17 წიგნი
        2018-12-17 58723 2018-12-17 2018-12-17 წიგნი
        2018-12-17 58724 2018-12-17 2018-12-17 წიგნი